000 00524nam a2200169 a 4500
001 000036601
005 20200930075825.0
008 120123s1982 xxua 000 0 spa d
020 _a0838578616
040 _aDO-SdBNP
_bspa
_cBNPHU
082 _axxxx
_bA388p
100 1 _aAlfonso, Antonio E.
_962885
245 1 3 _aThe practice of cancer surgery /
_cAntonio E. Alfonso, Bernard Garner.
260 _aNew York :
_bAppleton-Century-Crofts,
_c1982.
300 _axv., 477 p. :
_bil. ;
_c24 cm.
700 1 _aGarner, Bernard
_962886
999 _c36092
_d36092